| 000 | 00453nam a22001697a 4500 | ||
|---|---|---|---|
| 999 |
_c526532 _d526532 |
||
| 003 | NUST | ||
| 038 | _aWaseem | ||
| 082 |
_a320.9547 _bMEH |
||
| 100 |
_aMehmood, Safdar _917549 |
||
| 245 |
_aPakistan Kiun Tota / _cSafdar Mehmood |
||
| 260 |
_aLahore : _bJung Publishers, _c1990. |
||
| 300 | _a303 p. ; | ||
| 500 | _aHardcover. | ||
| 880 |
_6100-01\r _aصفدر محمود |
||
| 880 |
_6245-02\r _aپاکستان کیو ں ٹوٹا / |
||
| 942 |
_2ddc _cBK |
||